goodbye - ramsey - Statistics

General Stats
  • This quiz has been taken 2 times
  • The average score is 163 of 218
Answer Stats
Answer % Correct
a
100%
and
100%
anymore
100%
be
100%
can
100%
could
100%
dont
100%
down?
100%
ever
100%
face
100%
goodbye
100%
goodbye?
100%
hear
100%
home?
100%
how
100%
i
100%
is
100%
it
100%
its
100%
just
100%
let
100%
me
100%
my
100%
of
100%
oh
100%
on
100%
recognize
100%
say
100%
see
100%
smoke
100%
sound
100%
the
100%
think
100%
time
100%
to
100%
up
100%
where
100%
you
100%
ahead
50%
all
50%
around
50%
before
50%
bones
50%
break
50%
cause
50%
dreams
50%
faces
50%
fathers
50%
friend?
50%
goes
50%
hands
50%
have
50%
heartbeat
50%
here
50%
in
50%
ive
50%
kid
50%
known
50%
leave
50%
like
50%
no
50%
one
50%
only
50%
our
50%
out
50%
saw
50%
share
50%
since
50%
steel
50%
still
50%
stone
50%
tear
50%
tell
50%
that
50%
was
50%
we
50%
when
50%
will
50%
with
50%
woah
50%
wont
50%
bloodshed
0%
cut
0%
enemy
0%
falls
0%
find
0%
glory
0%
got
0%
grow
0%
made
0%
memory
0%
mm
0%
play
0%
return
0%
right
0%
sheilds
0%
sit
0%
swear
0%
teeth
0%
these
0%
thrones
0%
trees
0%
us
0%
warriors
0%
wed
0%
we'll
0%
No matching quizzes found
Score Distribution
Percent of People with Each Score
Percentile by Number Answered
Your Score History
You have not taken this quiz